Statistieken voor Botswana Trivia Quiz

Klik hier om de quiz te nemen!

Algemene statistieken

  • Deze quiz is 203 keer genomen
  • De gemiddelde score is 12 van 16

Antwoordstatistieken

HintAntwoord% Correct
Aangrenzende landenZuid-Afrika
100%
Officiële talenEngels
99%
Aangrenzende landenNamibië
98%
Aangrenzende landenZambia
96%
Aangrenzende landenZimbabwe
95%
Ongeveer 22% van de volwassen zijn positief voor dit virusHIV
94%
Land waaruit Botswana in 1966 onafhankelijk werdVerenigd Koninkrijk
89%
In Botswana leven meer van deze grote dieren in het wild dan in enig ander landOlifanten
82%
Hoofdstad van BotswanaGaborone
79%
Ongeveer de helft van het grondgebied van Botswana ligt in deze woestijnKalahari
73%
De Okavango-rivier is bijzonder omdat hij een ____ heeft, maar de zee nooit bereiktDelta
67%
Inheemse Khoisan-talen zijn ongebruikelijk omdat ze deze klanken vaak gebruikenTong klikken
63%
Wat 62% van de export van Botswana uitmaaktDiamanten
58%
Officiële talenTswana
55%
Rivier die langs de zuidgrens van Botswana stroomt voordat hij uitmondt in de Indische Oceaan{Limpopo}-rivier
43%
Valuta van BotswanaPula
40%

Scoreverdeling

Percentiel versus Aantal Correcte Antwoorden

Procent van Mensen met Elke Score

Uw Scoregeschiedenis

U heeft deze quiz nog niet genomen